=LDR 00000nam 2200000 4500 =001 INLIS000000000058738 =005 20211008103210 =035 ##$$a 0010-1021000186 =007 ta =008 211008###########################0#ind## =020 ##$$a 978-623-94261-0-1 =082 ##$$a 634.972 =084 ##$$a 634.972 Sum k =245 1#$$a Kunci Sukses Budi Daya Sengon /$c H. Sumarlin, SP =250 ##$$a Cet.2 =300 ##$$a 86 halaman : $b Ilustrasi ; $c 20 cm =650 #4$$a Sengon =264 ##$$a Yogyakarta :$b Griya Pustaka Utama,$c 2021 =336 ##$$a teks$2 rdacontent =337 ##$$a lain-lain$2 rdamedia =338 ##$$a lain-lain$2 rdacarrier =990 ##$$a 16741674 =990 ##$$a 16741674